Analýza ekonomickej činnosti a výsledkov vybranej cestovnej kancelárie - Satur bakalárska práca
Guardado en:
| Autor principal: | |
|---|---|
| Autor Corporativo: | |
| Otros Autores: | |
| Formato: | Libro |
| Lenguaje: | eslovaco |
| Publicado: |
Bratislava
2016
|
| Etiquetas: |
Sin Etiquetas, Sea el primero en etiquetar este registro!
|
MARC
| LEADER | 00000nbm a2200000 4500 | ||
|---|---|---|---|
| 001 | 0218890 | ||
| 005 | 20190128121901.5 | ||
| 041 | 0 | |a slo | |
| 044 | |a SK | ||
| 245 | 1 | 0 | |a Analýza ekonomickej činnosti a výsledkov vybranej cestovnej kancelárie - Satur |b bakalárska práca |c Sandra Tóthová ; školiteľ: Helena Strážovská |
| 264 | 1 | |a Bratislava |c 2016 | |
| 300 | |a 37 s. | ||
| 100 | 1 | |a Tóthová, Sandra | |
| 700 | 1 | |a Strážovská, Helena | |
| 710 | 2 | |a Obchodná fakulta EU. Katedra služieb a cestovného ruchu - zrušené | |